000 00739nam a2200157Ia 4500
008 100204s9999 xx 000 0 und d
082 _b2874
100 _aब्रन्टन पॉल
245 _aभारताच्या आध्यात्मिक रहस्याच्या शोधात
260 _b"वोरा अॅण्ड कंपनी , मुंबई"
_c1974
300 _a429
630 _aभारताच्या आध्यात्मिक रहस्याच्या शोधात
700 _aपुरंदरे ग. नी.
730 _aभारताच्या आध्यात्मिक रहस्याच्या शोधात
942 _cBOOK
999 _c465439
_d465436